[Event "IND-chA"]
[Site "Mumbai"]
[Date "2009.12.10"]
[Round "9"]
[White "Ramnath, Bhuvanesh R"]
[Black "Abhay, T."]
[Result "1-0"]
[WhiteElo "2372"]
[BlackElo "2343"]
[PlyCount "75"]
[EventDate "2009.12.01"]
[EventType "swiss"]
[EventRounds "13"]
[EventCountry "IND"]
[SourceTitle "CBM 133 Extra"]
[Source "ChessBase"]
[SourceDate "2010.01.05"]
[SourceVersion "1"]
[SourceVersionDate "2010.01.05"]
[SourceQuality "1"]

1. e4 c5 2. Nf3 Nc6 3. d4 cxd4 4. Nxd4 Nf6 5. Nc3 d6 6. Bg5 e6 7. Qd2 a6 8. 0-0-0 Be7 9. f3 Nxd4 10. Qxd4 b5 11. h4 Bb7 12. Kb1 0-0 13. Qd2 Rc8 14. Ne2 Qc7 15. Nd4 Rfd8 16. Bd3 Kf8 17. h5 h6 18. Bxh6 gxh6 19. Qxh6+ Ke8 20. e5 Ng8 21. Qg7 Bd5 22. Qxg8+ Kd7 23. Qg3 dxe5 24. Nb3 Rg8 25. Qf2 Bd6 26. h6 Rcd8 27. h7 Rh8 28. Be4 Bxe4 29. Nc5+ Ke8 30. Nxe4 Be7 31. Qg3 Kf8 32. Qh3 f6 33. Qxe6 Rxh7 34. Nxf6 Rxd1+ 35. Rxd1 Rf7 36. Nd7+ Kg7 37. Nxe5 Rf6 38. Qg4+ 1-0

[Event "IND-chA"]
[Site "Mumbai"]
[Date "2009.12.03"]
[Round "3"]
[White "Abhay, T."]
[Black "Padmini, Rout"]
[Result "1/2-1/2"]
[WhiteElo "2343"]
[BlackElo "2333"]
[PlyCount "66"]
[EventDate "2009.12.01"]
[EventType "swiss"]
[EventRounds "13"]
[EventCountry "IND"]
[SourceTitle "CBM 133 Extra"]
[Source "ChessBase"]
[SourceDate "2010.01.05"]
[SourceVersion "1"]
[SourceVersionDate "2010.01.05"]
[SourceQuality "1"]

1. e4 c5 2. Nf3 d6 3. d4 cxd4 4. Nxd4 Nf6 5. Nc3 a6 6. h3 e6 7. g4 Nc6 8. Bg2 Nd7 9. g5 Be7 10. h4 Qc7 11. h5 b5 12. Nxc6 Qxc6 13. Be3 Bb7 14. Qd4 Ne5 15. h6 Rg8 16. hxg7 Rxg7 17. f4 Nc4 18. Qxg7 Nxe3 19. Rxh7 Nxg2+ 20. Kf2 Kd7 21. Qxf7 Re8 22. g6 b4 23. g7 bxc3 24. Qxe8+ Kxe8 25. g8Q+ Kd7 26. Qxg2 cxb2 27. Rxe7+ Kxe7 28. Qg7+ Kd8 29. Qh8+ Kc7 30. Qg7+ Kb8 31. Qh8+ Kc7 32. Qg7+ Kb8 33. Qh8+ Kc7 1/2-1/2

[Event "IND-chA"]
[Site "Mumbai"]
[Date "2009.12.02"]
[Round "2"]
[White "Shyam, Sundar M"]
[Black "Abhay, T."]
[Result "1-0"]
[WhiteElo "2401"]
[BlackElo "2343"]
[PlyCount "79"]
[EventDate "2009.12.01"]
[EventType "swiss"]
[EventRounds "13"]
[EventCountry "IND"]
[SourceTitle "CBM 133 Extra"]
[Source "ChessBase"]
[SourceDate "2010.01.05"]
[SourceVersion "1"]
[SourceVersionDate "2010.01.05"]
[SourceQuality "1"]

1. e4 c5 2. Nf3 Nc6 3. Bb5 e6 4. 0-0 Nge7 5. c3 a6 6. Ba4 d5 7. exd5 exd5 8. d4 c4 9. Re1 Bg4 10. h3 Bh5 11. g4 Bg6 12. Ne5 Rc8 13. Qf3 b5 14. Nxg6 hxg6 15. Bc2 Qd7 16. Kg2 Nd8 17. Nd2 Ne6 18. Nf1 f6 19. Bd2 Kf7 20. Ng3 Nc6 21. Ne2 Be7 22. Nf4 Nxf4+ 23. Bxf4 Rce8 24. b3 Nd8 25. a4 Ne6 26. Bd2 Nc7 27. axb5 axb5 28. Ra7 Rd8 29. bxc4 dxc4 30. Qe4 Bd6 31. Qxg6+ Kf8 32. Bf5 Qc6+ 33. Be4 Qe8 34. Qxe8+ Rxe8 35. Bc6 Rb8 36. Rb1 Rb6 37. d5 Kf7 38. Rxb5 Rhb8 39. Rxb6 Rxb6 40. Ra4 1-0

[Event "Asia-ch U20"]
[Site "Chennai"]
[Date "2008.12.13"]
[Round "8"]
[White "Abhay, T."]
[Black "Rajesh, VAV"]
[Result "1/2-1/2"]
[WhiteElo "2300"]
[BlackElo "2237"]
[PlyCount "186"]
[EventDate "2008.12.05"]
[EventType "swiss"]
[EventRounds "9"]
[EventCountry "IND"]
[SourceTitle "CBM 127 Extra"]
[Source "ChessBase"]
[SourceDate "2009.01.08"]
[SourceVersion "2"]
[SourceVersionDate "2009.01.28"]
[SourceQuality "1"]

1. e4 c5 2. Nf3 Nc6 3. Bb5 g6 4. 0-0 Bg7 5. Re1 Nf6 6. c3 0-0 7. d4 cxd4 8. cxd4 a6 9. Bf1 d5 10. e5 Ne8 11. h3 Nc7 12. Nc3 b5 13. Be3 Bb7 14. Rc1 Rc8 15. Qd2 Ne6 16. Rcd1 Qd7 17. b3 Rfd8 18. Qb2 Qc7 19. Rc1 Qb6 20. Ne2 f6 21. exf6 Bxf6 22. Qd2 b4 23. h4 a5 24. g3 Ra8 25. h5 gxh5 26. Bh3 Bc8 27. Bf5 Ng7 28. Bb1 Bf5 29. Bxf5 Nxf5 30. Qc2 Nxe3 31. fxe3 Na7 32. Qf5 Nb5 33. Nf4 Qd6 34. Kg2 Qd7 35. Ne6 Nd6 36. Qxd5 Nf7 37. Qxd7 Rxd7 38. e4 Nd8 39. Nc5 Rc7 40. e5 Bg7 41. Rh1 Rac8 42. Rc4 Nf7 43. Rxh5 h6 44. Kf2 Rc6 45. Rf5 Bf8 46. Nd2 Nd8 47. Nce4 e6 48. Rf3 Be7 49. Ke3 a4 50. Kd3 axb3 51. axb3 Ra8 52. Rf1 Rxc4 53. Kxc4 Nc6 54. Kd3 Rd8 55. Nf3 Rf8 56. Ke2 Ra8 57. Rc1 Ra2+ 58. Kd3 Na5 59. Nfd2 Kf7 60. Rf1+ Kg6 61. Rc1 Bg5 62. Rc8 Bxd2 63. Nxd2 Ra3 64. Ra8 h5 65. Rf8 Nxb3 66. Nxb3 Rxb3+ 67. Kc4 Rb1 68. Rf6+ Kg5 69. Rxe6 b3 70. Rb6 b2 71. Kd5 Kf5 72. Rb3 Kg6 73. Rb4 Kf5 74. Rb3 Kg6 75. Ke6 Rd1 76. Rxb2 Rxd4 77. Ke7 Ra4 78. Rb7 Ra3 79. e6 Rxg3 80. Kf8 Rf3+ 81. Rf7 Ra3 82. e7 Ra8+ 83. e8Q Rxe8+ 84. Kxe8 h4 85. Ke7 Kg5 86. Ke6 h3 87. Ke5 Kg4 88. Ke4 h2 89. Rh7 Kg3 90. Ke3 Kg2 91. Rg7+ Kf1 92. Rh7 Kg1 93. Rxh2 Kxh2 1/2-1/2

[Event "Asia-ch U20"]
[Site "Chennai"]
[Date "2008.12.11"]
[Round "6"]
[White "Abhay, T."]
[Black "Vasantha Ruba, Varman"]
[Result "1-0"]
[WhiteElo "2300"]
[BlackElo "1758"]
[PlyCount "89"]
[EventDate "2008.12.05"]
[EventType "swiss"]
[EventRounds "9"]
[EventCountry "IND"]
[SourceTitle "CBM 127 Extra"]
[Source "ChessBase"]
[SourceDate "2009.01.08"]
[SourceVersion "2"]
[SourceVersionDate "2009.01.28"]
[SourceQuality "1"]

1. e4 c5 2. Nf3 Nc6 3. Nc3 e5 4. Bc4 Be7 5. d3 Nf6 6. 0-0 0-0 7. a3 d6 8. h3 a6 9. a4 Rb8 10. Nh2 Nd4 11. Nd5 Nxd5 12. Bxd5 Be6 13. c3 Nc6 14. f4 exf4 15. Bxf4 Bxd5 16. exd5 Ne5 17. Nf3 Bf6 18. Qc2 Qd7 19. Nd2 Ng6 20. Be3 Rbe8 21. Rxf6 gxf6 22. Ne4 Rxe4 23. dxe4 Re8 24. Rf1 Qe7 25. Bf4 Nxf4 26. Rxf4 Qe5 27. Qf2 Kg7 28. Qh4 b5 29. Rf5 Qe7 30. a5 b4 31. c4 Rg8 32. Kf2 Re8 33. b3 Rg8 34. Kf3 Re8 35. Rh5 Rh8 36. Qg3+ Kf8 37. Qf4 Rg8 38. Rxh7 Ke8 39. Rh6 Kd7 40. Rxf6 Rg7 41. h4 Kc7 42. h5 Rh7 43. h6 Kd8 44. Rxd6+ Ke8 45. Rb6 1-0

[Event "Asia-ch U20"]
[Site "Chennai"]
[Date "2008.12.09"]
[Round "4"]
[White "Abhay, T."]
[Black "Gahan, MG."]
[Result "0-1"]
[WhiteElo "2300"]
[BlackElo "2113"]
[PlyCount "40"]
[EventDate "2008.12.05"]
[EventType "swiss"]
[EventRounds "9"]
[EventCountry "IND"]
[SourceTitle "CBM 127 Extra"]
[Source "ChessBase"]
[SourceDate "2009.01.08"]
[SourceVersion "2"]
[SourceVersionDate "2009.01.28"]
[SourceQuality "1"]

1. e4 d5 2. exd5 Nf6 3. c4 e6 4. dxe6 Bxe6 5. Be2 Nc6 6. Nf3 Bc5 7. 0-0 Qd7 8. Nc3 0-0-0 9. a3 Nd4 10. b4 Nxf3+ 11. Bxf3 Bd4 12. Qb3 Bg4 13. Bxg4 Nxg4 14. d3 Qf5 15. Ra2 Qe5 16. g3 Bxc3 17. Bf4 Qh5 18. f3 Bd4+ 19. Kh1 Qh3 20. Qd1 Ne3 0-1

[Event "Balaguer op 13th"]
[Site "Balaguer"]
[Date "2008.07.23"]
[Round "10"]
[White "Gomes, Mary Ann"]
[Black "Abhay, T."]
[Result "0-1"]
[WhiteElo "2316"]
[BlackElo "2263"]
[PlyCount "90"]
[EventDate "2008.07.14"]
[EventType "swiss"]
[EventRounds "10"]
[EventCountry "ESP"]
[SourceTitle "CBM 125 Extra"]
[Source "ChessBase"]
[SourceDate "2008.09.01"]
[SourceVersion "1"]
[SourceVersionDate "2008.09.01"]
[SourceQuality "1"]

1. Nf3 Nf6 2. c4 b6 3. g3 Bb7 4. Bg2 e6 5. 0-0 Be7 6. b3 d6 7. d4 Nbd7 8. Bb2 0-0 9. Nc3 Ne4 10. Qc2 Nxc3 11. Bxc3 f5 12. d5 e5 13. Nd2 g6 14. b4 Qe8 15. Nb3 Qf7 16. Rad1 Nf6 17. f4 Ng4 18. Qd2 e4 19. e3 Ba6 20. h3 Nf6 21. Qd4 c5 22. dxc6 Qxc4 23. Qxc4+ Bxc4 24. Rfe1 Nd5 25. Bd2 Rfc8 26. Rc1 Bxb3 27. axb3 b5 28. Bf1 a6 29. Rc2 Bf6 30. Rec1 Kf7 31. Kf2 Ke6 32. Ra2 Nc7 33. Be1 Rab8 34. Be2 Rb6 35. Rac2 Nd5 36. Bd2 Rc7 37. Ke1 Ne7 38. Kd1 Rbxc6 39. Rxc6 Rxc6 40. Rxc6 Nxc6 41. g4 Ne7 42. gxf5+ gxf5 43. Bh5 Nd5 44. Kc2 Ke7 45. Be2 Bh4 0-1

[Event "Commonwealth-ch"]
[Site "New Delhi"]
[Date "2007.12.08"]
[Round "8"]
[White "Abhay, T."]
[Black "Sharma, Dinesh Kumar"]
[Result "0-1"]
[WhiteElo "2237"]
[BlackElo "2382"]
[PlyCount "60"]
[EventDate "2007.12.03"]
[EventType "swiss"]
[EventRounds "10"]
[EventCountry "IND"]
[SourceTitle "CBM 121 Extra"]
[Source "ChessBase"]
[SourceDate "2008.01.10"]
[SourceVersion "1"]
[SourceVersionDate "2008.01.10"]
[SourceQuality "1"]

1. e4 e5 2. Nf3 Nc6 3. d4 exd4 4. Nxd4 Bc5 5. Nxc6 Qf6 6. Qf3 bxc6 7. Nd2 d6 8. Nb3 Bb6 9. Bd3 Be6 10. c3 Qxf3 11. gxf3 Ne7 12. Nd4 Bd7 13. Be3 c5 14. Nc2 Be6 15. a4 a5 16. Na3 0-0 17. Bc4 Ng6 18. b3 Ne5 19. f4 Nxc4 20. bxc4 Bd7 21. f5 Rfe8 22. f3 Bxf5 23. Kf2 Be6 24. Rad1 f5 25. exf5 Bxf5 26. h4 Re6 27. Rd2 Rae8 28. Bf4 Rf8 29. Kg3 Rg6+ 30. Kh2 Bd7 0-1

[Event "Commonwealth-ch"]
[Site "New Delhi"]
[Date "2007.12.05"]
[Round "4"]
[White "Abhay, T."]
[Black "Lee, Cecil"]
[Result "1-0"]
[WhiteElo "2237"]
[BlackElo "2004"]
[PlyCount "55"]
[EventDate "2007.12.03"]
[EventType "swiss"]
[EventRounds "10"]
[EventCountry "IND"]
[SourceTitle "CBM 121 Extra"]
[Source "ChessBase"]
[SourceDate "2008.01.10"]
[SourceVersion "1"]
[SourceVersionDate "2008.01.10"]
[SourceQuality "1"]

1. e4 c5 2. Nf3 Nc6 3. d4 cxd4 4. Nxd4 g6 5. c4 Nf6 6. Nc3 d6 7. Be2 Nxd4 8. Qxd4 Bg7 9. Be3 0-0 10. Qd2 Be6 11. Bd4 Qa5 12. Rd1 Rfc8 13. b3 a6 14. a4 Nd7 15. Bxg7 Kxg7 16. 0-0 Nc5 17. Qb2 Kg8 18. b4 Nxa4 19. Qa3 Nxc3 20. bxa5 Nxe2+ 21. Kh1 Bxc4 22. Rfe1 Bb5 23. Qe3 Rc2 24. Rd2 Rc3 25. Qg5 f6 26. Qd5+ Kf8 27. Rdxe2 Bxe2 28. Qd2 1-0

[Event "Asia-ch U18"]
[Site "Tehran"]
[Date "2004.04.09"]
[Round "9"]
[White "Abhay, T."]
[Black "Filippov, Anton"]
[Result "1/2-1/2"]
[WhiteElo "2236"]
[BlackElo "2472"]
[PlyCount "20"]
[EventDate "2004.04.03"]
[EventType "swiss"]
[EventRounds "9"]
[EventCountry "IRI"]
[SourceTitle "CBM 099 Extra"]
[Source "ChessBase"]
[SourceDate "2004.05.04"]
[SourceVersion "1"]
[SourceVersionDate "2004.05.04"]
[SourceQuality "1"]

1. e4 e5 2. Nf3 d6 3. d4 Nf6 4. dxe5 Nxe4 5. Qd5 Nc5 6. Bg5 Be7 7. exd6 Qxd6 8. Qxd6 Bxd6 9. Nbd2 Bg4 10. 0-0-0 Ne6 1/2-1/2

[Event "Asia-ch U18"]
[Site "Tehran"]
[Date "2004.04.04"]
[Round "2"]
[White "Alavi, Sayed Javad"]
[Black "Abhay, T."]
[Result "0-1"]
[WhiteElo "2306"]
[BlackElo "2236"]
[PlyCount "62"]
[EventDate "2004.04.03"]
[EventType "swiss"]
[EventRounds "9"]
[EventCountry "IRI"]
[SourceTitle "CBM 099 Extra"]
[Source "ChessBase"]
[SourceDate "2004.05.04"]
[SourceVersion "1"]
[SourceVersionDate "2004.05.04"]
[SourceQuality "1"]

1. e4 c5 2. Nf3 Nc6 3. d4 cxd4 4. Nxd4 Nf6 5. Nc3 d6 6. Be2 e5 7. Nb3 Be7 8. 0-0 0-0 9. Kh1 a5 10. a4 Nb4 11. f4 Be6 12. f5 Bxb3 13. cxb3 d5 14. exd5 Nbxd5 15. Nxd5 Qxd5 16. Qxd5 Nxd5 17. Bf3 Rad8 18. Bd2 b6 19. Rac1 e4 20. Bxe4 Nf6 21. Bg5 h6 22. Bh4 Rd4 23. Rc4 Rxc4 24. bxc4 Nxe4 25. Bxe7 Re8 26. Bh4 Nd2 27. Rc1 Re4 28. Bf2 Nxc4 29. b3 Nd2 30. Rc3 Rb4 31. Be1 Rf4 0-1

[Event "Chennai WinTV op 1st"]
[Site "Chennai"]
[Date "2004.01.30"]
[Round "11"]
[White "Vedadari, K."]
[Black "Abhay, T."]
[Result "0-1"]
[WhiteElo "2071"]
[BlackElo "2208"]
[PlyCount "74"]
[EventDate "2004.01.21"]
[EventType "swiss"]
[EventRounds "13"]
[EventCountry "IND"]
[SourceTitle "CBM 098 Extra"]
[Source "ChessBase"]
[SourceDate "2004.03.10"]
[SourceVersion "2"]
[SourceVersionDate "2004.03.10"]
[SourceQuality "1"]

1. e4 c5 2. c3 Nf6 3. e5 Nd5 4. d4 cxd4 5. Nf3 Nc6 6. cxd4 d6 7. Bc4 Nb6 8. Bb5 dxe5 9. Nxe5 Bd7 10. Bxc6 Bxc6 11. Nxc6 bxc6 12. 0-0 e6 13. Nc3 Be7 14. Qg4 Bf6 15. Rd1 0-0 16. Ne4 Nd5 17. Rd3 g6 18. Nxf6+ Qxf6 19. Rh3 Qf5 20. Qh4 h5 21. Rg3 f6 22. a4 Kf7 23. h3 Qc2 24. Rf3 Rab8 25. b4 Rxb4 26. Ba3 Rb1+ 27. Rxb1 Qxb1+ 28. Kh2 Rd8 29. Bc5 a5 30. Qg5 Kg7 31. Rxf6 Nxf6 32. Be7 Qb8+ 33. Qe5 Qxe5+ 34. dxe5 Rd4 35. Bxf6+ Kf7 36. g3 Rxa4 37. Kg2 Rb4 0-1

[Event "Chennai WinTV op 1st"]
[Site "Chennai"]
[Date "2004.01.28"]
[Round "9"]
[White "Laxman, Rajaram"]
[Black "Abhay, T."]
[Result "1-0"]
[WhiteElo "2335"]
[BlackElo "2208"]
[PlyCount "53"]
[EventDate "2004.01.21"]
[EventType "swiss"]
[EventRounds "13"]
[EventCountry "IND"]
[SourceTitle "CBM 098 Extra"]
[Source "ChessBase"]
[SourceDate "2004.03.10"]
[SourceVersion "2"]
[SourceVersionDate "2004.03.10"]
[SourceQuality "1"]

1. d4 d5 2. c4 dxc4 3. Nf3 Nf6 4. e3 e6 5. Bxc4 a6 6. Nc3 c5 7. 0-0 b5 8. Bd3 Bb7 9. dxc5 Bxc5 10. a3 Qe7 11. e4 Nbd7 12. e5 Ng4 13. Qe2 Rc8 14. Be4 Bxe4 15. Nxe4 Ngxe5 16. Nxe5 Nxe5 17. Bd2 f6 18. Nxc5 Rxc5 19. Bb4 0-0 20. Rac1 Rfc8 21. Rxc5 Rxc5 22. Qe3 Nd7 23. Rd1 a5 24. Bxc5 Nxc5 25. Rc1 Nd7 26. Qa7 Qd6 27. Qxa5 1-0

[Event "Chennai WinTV op 1st"]
[Site "Chennai"]
[Date "2004.01.25"]
[Round "6"]
[White "Abhay, T."]
[Black "Ravi, Teja Sanka"]
[Result "1-0"]
[WhiteElo "2208"]
[BlackElo "2069"]
[PlyCount "98"]
[EventDate "2004.01.21"]
[EventType "swiss"]
[EventRounds "13"]
[EventCountry "IND"]
[SourceTitle "CBM 098 Extra"]
[Source "ChessBase"]
[SourceDate "2004.03.10"]
[SourceVersion "2"]
[SourceVersionDate "2004.03.10"]
[SourceQuality "1"]

1. e4 e6 2. d4 d5 3. Nc3 dxe4 4. Nxe4 Nd7 5. Nf3 Ngf6 6. Nxf6+ Nxf6 7. Bd3 c5 8. dxc5 Bxc5 9. Bg5 Qa5+ 10. c3 Be7 11. Qe2 a6 12. 0-0 Qc7 13. Rfe1 Nd5 14. Qd2 0-0 15. Bxe7 Nxe7 16. Qg5 h6 17. Qh5 Nd5 18. g3 b6 19. Ne5 Nf6 20. Qh4 Bb7 21. Rad1 Rad8 22. h3 Rd5 23. Qf4 Qd6 24. c4 Rxe5 25. Rxe5 Qc6 26. f3 Qxf3 27. Qxf3 Bxf3 28. Be2 Bc6 29. Re3 Rc8 30. b3 Ne4 31. Kh2 f5 32. Bf3 e5 33. Bxe4 Bxe4 34. Rd6 b5 35. Rxa6 bxc4 36. Rc3 Rd8 37. Kg1 cxb3 38. axb3 Rd1+ 39. Kf2 Bd3 40. Ra7 Kh7 41. Rcc7 Kg6 42. Rxg7+ Kh5 43. Rae7 e4 44. Re6 Rd2+ 45. Ke3 Re2+ 46. Kd4 Rg2 47. Rgg6 f4 48. Rxh6+ Kg5 49. Reg6+ Kf5 1-0

[Event "Chennai WinTV op 1st"]
[Site "Chennai"]
[Date "2004.01.22"]
[Round "2"]
[White "Shetty, Rahul"]
[Black "Abhay, T."]
[Result "1/2-1/2"]
[WhiteElo "2382"]
[BlackElo "2208"]
[PlyCount "75"]
[EventDate "2004.01.21"]
[EventType "swiss"]
[EventRounds "13"]
[EventCountry "IND"]
[SourceTitle "CBM 098 Extra"]
[Source "ChessBase"]
[SourceDate "2004.03.10"]
[SourceVersion "2"]
[SourceVersionDate "2004.03.10"]
[SourceQuality "1"]

1. e4 c5 2. Nf3 Nc6 3. Nc3 Nf6 4. Bb5 Nd4 5. e5 Nxb5 6. Nxb5 Nd5 7. 0-0 Nc7 8. Nxc7+ Qxc7 9. d4 cxd4 10. Qxd4 e6 11. Rd1 b6 12. Ng5 Bc5 13. Qc3 Bb7 14. Be3 Qc6 15. f3 Be7 16. Qd3 Qd5 17. Qc3 Qc6 18. Qd4 Rd8 19. Ne4 0-0 20. c4 Qc7 21. Nd6 Bxd6 22. exd6 Qc6 23. a4 Rc8 24. b3 f6 25. a5 e5 26. Qd2 f5 27. axb6 f4 28. Bf2 e4 29. Qb4 e3 30. Bh4 Qxb6 31. Qxb6 axb6 32. Be7 Rf5 33. Ra7 Rb8 34. b4 b5 35. c5 Bc6 36. Kf1 Kf7 37. Ke1 Ke6 38. Rd4 1/2-1/2